• 首页
  • 本馆介绍
  • 公告通知
  • 最新文献
  • 馆藏检索
  • 电子资源
  • 读者导购
  • 参考咨询
  • 我的图书馆
  • 登录
  • 详细信息显示
  • 放入我的书架
  • 预约/预借图书
  • 作者相关作品
  • 分类相关作品
  • 丛书相关作品
  • 出版社相关作品

书目信息

  • 表格格式
  • 工作单格式
  • 卡片格式
题名:
季羡林学术著作选集
    
 
作者: 季羡林 著 ;王树英 , 薛克翘 主编
分册:   比较文学与民间文学
出版信息: 北京   新世界出版社  2016
页数: 294页
开本: 24cm
丛书名:
单 册:
中图分类: C52 , I0-03
科图分类:
主题词: 比较文学--bi jiao wen xue--文集 , 民间文学--min jian wen xue--文学研究--世界--文集
电子资源:
ISBN: 978-7-5104-5417-2
000 01184nam0 22003131 450
001 0120082118
005 20170320082118.0
010    @a978-7-5104-5417-2@dCNY60.00
100    @a20161121d2016 em y0chiy50 ea
101 0  @achi
102    @aCN@b110000
105    @aa z 000yy
106    @ar
200 1  @a季羡林学术著作选集@9ji xian lin xue shu zhu zuo xuan ji@i比较文学与民间文学@f薛克翘编
210    @a北京@c新世界出版社@d2016
215    @a294页@c照片@d24cm
300    @a季羡林基金会部分资助
314    @a主编:王树英
330    @a本书精选了季羡林先生有代表性的文章四十三篇,是他数十年研究心血的结晶,也是我国比较文学和民间文学研究的经典论述。内容包括:一个故事的演变、一个流传欧亚的笑话、从比较文学的观点上看寓言和童话、柳宗元《黔之驴》取材来源考、印度文学在中国等。
600  0 @a季羡林@Aji xian lin@f(1911-2009)@j文集
606 0  @a比较文学@9bi jiao wen xue@j文集
606 0  @a民间文学@9min jian wen xue@x文学研究@y世界@j文集
690    @aC52@v5
690    @aI0-03@v5
701  0 @a季羡林@9ji xian lin@4著
702  0 @a王树英@9wang shu ying@4主编
702  0 @a薛克翘@9xue ke qiao@4编
801  0 @aCN@bTANGWEI@c20170308
905    @b0956148-51@dC52@e298@f4
    
    季羡林学术著作选集.比较文学与民间文学/薛克翘编.-北京:新世界出版社,2016
    294页:照片;24cm
    季羡林基金会部分资助
    
    ISBN 978-7-5104-5417-2:CNY60.00
    本书精选了季羡林先生有代表性的文章四十三篇,是他数十年研究心血的结晶,也是我国比较文学和民间文学研究的经典论述。内容包括:一个故事的演变、一个流传欧亚的笑话、从比较文学的观点上看寓言和童话、柳宗元《黔之驴》取材来源考、印度文学在中国等。
●
相关链接 在E读中查询图书 在五车中查询图书 在当当中查询图书 在豆瓣中查询图书


正题名:季羡林学术著作选集     索取号:C52/298         预约/预借

序号 登录号 条形码 馆藏地/架位号 状态 备注
1 0956148   209561482   第一样本阅览室/ [索取号:C52/298] 在馆    
2 0956149   209561491   第一借阅区/ [索取号:C52/298] 在馆    
3 0956150   209561507   第一借阅区/ [索取号:C52/298] 在馆    
4 0956151   209561516   第一借阅区/ [索取号:C52/298] 在馆    
唐山师范学院图书馆 欢迎您!
大连网信软件有限公司© 版权所有